Historia general de España y América / (Record no. 8903)
[ view plain ]
| 000 -LEADER | |
|---|---|
| campo de control de longitud fija | 02112nam a2200277 i 4500 |
| 001 - NÚMERO DE CONTROL | |
| campo de control | 8903 |
| 003 - IDENTIFICADOR DE NÚMERO DE CONTROL | |
| campo de control | ES-MaACL |
| 005 - FECHA Y HORA DE LA ÚLTIMA TRANSACCIÓN | |
| campo de control | 20250731063657.0 |
| 008 - DATOS DE LONGITUD FIJA--INFORMACIÓN GENERAL | |
| campo de control de longitud fija | 921112m19841992sp ||||1| spa d |
| 020 ## - NÚMERO INTERNACIONAL ESTÁNDAR DEL LIBRO | |
| Número Internacional Estándar del Libro | 84-321-2119-3 |
| 080 ## - NÚMERO DE LA CLASIFICACIÓN DECIMAL UNIVERSAL | |
| Número de la Clasificación Decimal Universal | 946.0(035.3) |
| 080 ## - NÚMERO DE LA CLASIFICACIÓN DECIMAL UNIVERSAL | |
| Número de la Clasificación Decimal Universal | 98(=60)(035.3) |
| 245 00 - MENCIÓN DEL TÍTULO | |
| Título | Historia general de España y América / |
| Mención de responsabilidad, etc. | consejo de dirección, Luis Suárez Fernández ... [et al.]. |
| 260 ## - PUBLICACIÓN, DISTRIBUCIÓN, ETC. | |
| Lugar de publicación, distribución, etc. | Madrid : |
| Nombre del editor, distribuidor, etc. | Rialp, |
| Fecha de publicación, distribución, etc. | [1984-1992] |
| 300 ## - DESCRIPCIÓN FÍSICA | |
| Extensión | 25 v. : |
| Otras características físicas | il. ; |
| Dimensiones | 29 cm. |
| 500 ## - NOTA GENERAL | |
| Nota general | Bibliografía. |
| 500 ## - NOTA GENERAL | |
| Nota general | Índices. |
| 505 8# - NOTA DE CONTENIDO CON FORMATO | |
| Nota de contenido con formato | Contiene: I-1. Los orígenes de España - I-2. De la protohistoria a la conquista romana - II. Constitución y ruina de la España romana - III. El fallido intento de un estado hispánico musulmán (711-1025) - IV. La España de los cinco reinos (1085-1369)- V. Los Trastámara y la unidad española (1369-1517)- VI. La época de plenitud: hasta la muerte de Felipe II (1517-98)- VII. El descubrimiento y la fundación de los reinos ultramarinos: hasta fines del siglo XVI - VIII. La crisis de la hegemonía española: siglo XVII - IX-1: América en el siglo XVII: los problemas generales - IX-2: América en el siglo XVII: evolución de los reinos indianos - X-1-2. La España de las reformas: hasta el final del reinado de Carlos IV - XI-1: América en el siglo XVIII: los primeros Borbones - XI-2. La Ilustración en América - XII. Del antiguo al nuevo régimen: hasta la muerte de Fernando VII - XIII. Emancipación y nacionalidades americanas - XIV. La España liberal y romántica (1833-1868) - XV. Reformismo y progreso en América (1840-1905) - XVI-1-2. Revolución y restauración (1868-1931) - XVII. La Segunda República y la guerra - XVIII. Hispanoámerica en el siglo XX - XIX-1-2. La época de Franco |
| 651 #4 - PUNTO DE ACCESO ADICIONAL DE MATERIA--NOMBRE GEOGRÁFICO | |
| Nombre geográfico | España- |
| Subdivisión general | Historia. |
| 9 (RLIN) | 8209 |
| 651 #4 - PUNTO DE ACCESO ADICIONAL DE MATERIA--NOMBRE GEOGRÁFICO | |
| Nombre geográfico | América española- |
| Subdivisión general | Historia. |
| 9 (RLIN) | 7723 |
| 651 ## - PUNTO DE ACCESO ADICIONAL DE MATERIA--NOMBRE GEOGRÁFICO | |
| Nombre geográfico | América Latina- |
| Subdivisión general | Historia- |
| Subdivisión cronológica | S.XIX. |
| 9 (RLIN) | 138934 |
| 651 #4 - PUNTO DE ACCESO ADICIONAL DE MATERIA--NOMBRE GEOGRÁFICO | |
| Nombre geográfico | América Latina- |
| Subdivisión general | Historia- |
| Subdivisión cronológica | S.XX. |
| 9 (RLIN) | 161852 |
| 700 1# - ENTRADA AGREGADA--NOMBRE PERSONAL | |
| Nombre de persona | Suárez Fernández, Luis, |
| Fechas asociadas al nombre | 1924-2024 |
| 9 (RLIN) | 240112 |
| 852 ## - LOCALIZACIÓN | |
| Ubicación | ES-MaACL |
| Número de control de estantería | L-16375-99 |
| Estatus retirado | Estado de pérdida | Estado de daño | No para préstamo | Biblioteca de origen | Biblioteca actual | Ubicación en estantería | Fecha de adquisición | Fuente de adquisición | Total de préstamos | Signatura topográfica completa | Código de barras | Visto por última vez | Precio de reemplazo | Tipo de ítem Koha |
|---|---|---|---|---|---|---|---|---|---|---|---|---|---|---|
| Biblioteca del Ateneo de Madrid | Biblioteca del Ateneo de Madrid | Depósito 2 | 17/01/2008 | L-16375-99 | 1009090 | 23/02/2023 | 23/02/2023 | Libro impreso |
